| 000 | 01238nam a2200277 a 4500 | ||
|---|---|---|---|
| 003 | OSt | ||
| 005 | 20240812093549.0 | ||
| 007 | cr ||||||a|c|a | ||
| 008 | 240116s2023 mx a|||fom||| 001 0 spa d | ||
| 040 | _erda | ||
| 100 | 1 |
_9188477 _aLópez Jacobo, Erika |
|
| 245 | 1 |
_aAnalisis dendrocronológico e influencia climática en el crecimiento de chaká (Bursera simaruba. L. Sarg.) _bEn una selva mediana subperennifolia de Campeche, México / _cErika López Jacobo;director de tesis Martín Aquino Ramírez |
|
| 264 | 1 |
_aChapingo, México : _bEl autor, _c2023. |
|
| 300 |
_a1 recurso en línea (72páginas): _bfiguras y cuadros.. |
||
| 336 |
_2rdacontent _atexto _btxt |
||
| 337 |
_2rdamedia _acomputadora _bc |
||
| 338 |
_2rdacarrier _arecurso en línea _bcr |
||
| 502 |
_bIDA _cCentros Regionales _d2023. _gLIC |
||
| 504 | _aIncluye referencias bibliográficas: páginas 56-72 | ||
| 650 | 4 |
_96583 _aArboles _xCrecimiento |
|
| 650 | 4 |
_96598 _aArboles _xEspaciamiento |
|
| 650 | 4 |
_9188481 _aBursera simaruba _xCrecimiento |
|
| 700 | 1 |
_9188478 _aAquino Ramírez, Martín _eDirector de tesis. |
|
| 856 |
_uhttp://10.13.5.2/tesis/tl/1511327-4_LOPEZ_JACOBO_ERIKA.pdf _zDESCARGAR PDF |
||
| 942 |
_2Clasificación Universidad Autónoma Chapingo _cTD |
||
| 999 |
_c219536 _d219536 |
||